00493nam a22001577a 450000500170000000800410001702000190005804100080007708200150008510000150010024500740011526000460018930000220023536500240025750000540028120230522162603.0230522b |||||||| |||| 00| 0 eng d a9789389 932638 aeng a711.5bBHA aBhatti S S aChandigarh: Planning Architecture Landscape Urban Design Art Services aNew Delhi bCouncil Of Architecturec2020 a544pbHbc28 x 22 aINRb1311.3cRupaye a-Orientation And Background Plan Action Reality